• 首页
  • 本馆介绍
  • 公告通知
  • 最新文献
  • 馆藏检索
  • 电子资源
  • 读者导购
  • 参考咨询
  • 我的图书馆
  • 登录
  • 详细信息显示
  • 放入我的书架
  • 预约/预借图书
  • 作者相关作品
  • 分类相关作品
  • 丛书相关作品
  • 出版社相关作品

书目信息

  • 表格格式
  • 工作单格式
  • 卡片格式
题名:
从地幔到深空
    
 
作者: 刘小汉 主编
分册:  
出版信息: 北京   海洋出版社  2018
页数: 252页
开本: 29cm
丛书名:
单 册:
中图分类: N816.61
科图分类:
主题词:
电子资源:
ISBN: 978-7-5210-0038-2
000 01001nam0 2200277 450
001 012001001294
005 20140107183459.0
010    @a978-7-5210-0038-2@dCNY120.00
099    @aCAL 012018137841
100    @a20180911d2018 em y0chiy50 ea
101 0  @achi
102    @aCN@b110000
105    @aab a 000yy
106    @ar
200 1  @a从地幔到深空@Acong di man dao shen kong@e南极陆地系统的科学@f刘小汉主编
210    @a北京@c海洋出版社@d2018
215    @a252页@c图 (部分彩图), 地图@d29cm
300    @a中国极地科学考察研究三十年进展
320    @a有书目
330    @a本书共分9部分,主要内容有:南极大陆地质地球物理调查与研究;南极大气观测与气候研究;南极生态环境监测与研究;南极考察人员生理心理适应性研究;南极测绘及其遥感应用等。
517 1  @a南极陆地系统的科学@Anan ji lu di xi tong de ke xue
607    @a南极@Anan ji@x陆基@x科学考察@y中国
690    @aN816.61@v5
701  0 @a刘小汉@Aliu xiao han@4主编
801  0 @aCN@b北京卓展@c20191020
905    @b1201735-7@dN816.61@e21@f3
    
    从地幔到深空:南极陆地系统的科学/刘小汉主编.-北京:海洋出版社,2018
    252页:图 (部分彩图), 地图;29cm
    中国极地科学考察研究三十年进展
    
    ISBN 978-7-5210-0038-2:CNY120.00
    本书共分9部分,主要内容有:南极大陆地质地球物理调查与研究;南极大气观测与气候研究;南极生态环境监测与研究;南极考察人员生理心理适应性研究;南极测绘及其遥感应用等。
●
相关链接 在E读中查询图书 在五车中查询图书 在当当中查询图书 在豆瓣中查询图书


正题名:从地幔到深空     索取号:N816.61/21         预约/预借

序号 登录号 条形码 馆藏地/架位号 状态 备注
1 1201735   212017351   第二样本阅览室/ [索取号:N816.61/21] 在馆    
2 1201736   212017360   第三借阅区/ [索取号:N816.61/21] 在馆    
3 1201737   212017379   第三借阅区/ [索取号:N816.61/21] 在馆    
唐山师范学院图书馆 欢迎您!
大连网信软件有限公司© 版权所有